书目信息 |
| 题名: |
微生物学学习指导与习题解析
|
|
| 作者: | 肖敏 , 沈萍 主编 | |
| 分册: | ||
| 出版信息: | 北京 高等教育出版社 2005.06 |
|
| 页数: | 186页 | |
| 开本: | 26cm | |
| 丛书名: | ||
| 单 册: | ||
| 中图分类: | Q93 | |
| 科图分类: | ||
| 主题词: | 微生物学--wei sheng wu xue--高等学校--教学参考资料 | |
| 电子资源: | ||
| ISBN: | 7-04-016333-0 | |
| 000 | 00893nam0 2200241 450 | |
| 001 | 012006023473 | |
| 005 | 20120924162021.01 | |
| 010 | @a7-04-016333-0@dCNY17.00 | |
| 100 | @a20060725d2005 km y0chiy0120 ea | |
| 101 | 0 | @achi |
| 102 | @aCN@b110000 | |
| 105 | @aa a 000yy | |
| 200 | 1 | @a微生物学学习指导与习题解析@Awei sheng wu xue xue xi zhi dao yu xi ti jie xi@f肖敏, 沈萍主编@Fxiao min,shen ping zhu bian |
| 210 | @a北京@c高等教育出版社@d2005.06 | |
| 215 | @a186页@c图@d26cm | |
| 320 | @a有书目。 | |
| 330 | @a全书共分15章,与武汉大学沈萍教授主编的《微生物学》(第二版)的章节分布完全一样。每章包括要点提示、重点难点剖析、习题、习题解答和主要参考书目六部分内容。 | |
| 606 | 0 | @a微生物学@Awei sheng wu xue@x高等学校@j教学参考资料 |
| 690 | @aQ93@v4 | |
| 701 | 0 | @a肖敏@Axiao min@4主编 |
| 701 | 0 | @a沈萍@Ashen ping@4主编 |
| 801 | 0 | @aCN@bpdsgxy@c20060914 |
| 905 | @a10447@dQ93@eX294 | |
| 微生物学学习指导与习题解析/肖敏, 沈萍主编.-北京:高等教育出版社,2005.06 |
| 186页:图;26cm |
| ISBN 7-04-016333-0:CNY17.00 |
| 全书共分15章,与武汉大学沈萍教授主编的《微生物学》(第二版)的章节分布完全一样。每章包括要点提示、重点难点剖析、习题、习题解答和主要参考书目六部分内容。 |
| ● |
| 相关链接 |
|
|
|
正题名:微生物学学习指导与习题解析
索取号:Q93/X294
 
预约/预借
| 序号 | 登录号 | 条形码 | 馆藏地/架位号 | 状态 | 备注 |
| 1 | 487140 | 204871406 | 自科库401/401自科库 33排2列5层/ [索取号:Q93/X294] | 在馆 | |
| 2 | 597107 | 205971073 | 自科库401/ [索取号:Q93/X294] | 在馆 | |
| 3 | 597108 | 205971082 | 自科库401/401自科库 33排2列5层/ [索取号:Q93/X294] | 在馆 |